Mega Star Wars Picture Quiz Stats

 Plays Quiz not verified by Sporcle

Challenge
Share
Tweet
Score 0/110 Timer 20:00
1 Play Today
% Correct
Bail Organa
92.1%
Obi-Wan Kenobi
91.5%
Yoda
91.5%
Anakin Skywalker
89.4%
Qui-Gon Jinn
88.9%
Senator Palpatine
88.4%
R2-D2
88.4%
Padme Amidala
87.8%
C-3PO
87.3%
Mace Windu
87.3%
Jar Jar Binks
86.8%
Boba Fett
86.8%
Shmi Skywalker
84.1%
Chewbacca
84.1%
Luke Skywalker
83.6%
Han Solo
83.6%
Leia Organa
83.6%
Darth Vader
83.6%
Lando Calrissian
83.1%
Count Dooku
82.5%
Grand Moff Tarkin
82%
General Grievous
81.5%
Darth Maul
81.5%
Boss Nass
81%
Beru Whitesun Lars
81%
Greedo
81%
Jango Fett
80.4%
Owen Lars
80.4%
Watto
78.8%
Finn
78.8%
Rey
78.8%
Sebulba
77.8%
BB-8
77.8%
Nute Gunray
76.7%
Plo Koon
76.2%
Kylo Ren
76.2%
Kit Fisto
74.1%
% Correct
Ki-Adi-Mundi
73.5%
Wedge Antilles
73.5%
Cliegg Lars
72.5%
Poe Dameron
72%
Mon Mothma
71.4%
Wicket
70.9%
Captain Phasma
70.4%
Commander Cody
69.8%
Captain Panaka
67.7%
Admiral Ackbar
65.1%
Sabe
64.6%
Zam Wesell
64.6%
Bib Fortuna
63.5%
Ahsoka Tano
63%
Supreme Leader Snoke
63%
Aayla Secura
62.4%
Maz Kanata
61.4%
Lobot
60.8%
Jek Porkins
60.8%
Asajj Ventress
60.3%
Chancellor Valorum
59.3%
Dexter Jettster
59.3%
Captain Typho
59.3%
General Hux
56.6%
Sio Bibble
55.6%
Cad Bane
54%
Admiral Piett
49.7%
Captain Rex
49.2%
Captain Antilles
48.1%
Adi Gallia
46%
Corde
46%
Oola
46%
Max Rebo
46%
Ziro the Hutt
45.5%
Ezra Bridger
45.5%
Lama Su
44.4%
Chopper
44.4%
% Correct
Saesee Tiin
43.9%
Grand Admiral Thrawn
43.9%
Jocasta Nu
43.4%
General Veers
42.9%
Kanan Jarrus
42.9%
Sabine Wren
40.2%
Admiral Ozzel
39.7%
Hondo Ohnaka
39.7%
Sy Snootles
39.2%
Zeb Orrelios
39.2%
Taun We
38.6%
Depa Billaba
38.6%
Hera Syndulla
38.6%
Mas Amedda
37.6%
Chief Chirpa
32.3%
The Grand Inquisitor
32.3%
The Seventh Sister
32.3%
Dak Ralter
30.7%
Rotta the Huttlet
30.2%
Captain Needa
29.6%
General Jan Dodonna
29.6%
Kitster
29.1%
Logray
29.1%
The Fifth Brother
27.5%
General Crix Madine
26.5%
Agent Kallus
25.9%
Dorme
25.4%
Admiral Motti
25.4%
Queen Jamillia
23.3%
Tion Medon
23.3%
Bendu
22.8%
General Carlist Rieekan
21.7%
Cikatro Vizago
16.9%
Paploo
15.3%
Maketh Tua
14.8%
Wes Janson
13.2%

You're not logged in!

Compare scores with friends on all Sporcle quizzes.
OR
Log In

You Might Also Like...

Show Comments

Extras

Top Quizzes Today


Score Distribution

Your Account Isn't Verified!

In order to create a playlist on Sporcle, you need to verify the email address you used during registration. Go to your Sporcle Settings to finish the process.

Report this User

Report this user for behavior that violates our Community Guidelines.

Details: